Economía Internacional (Registro nro. 3540)

Detalles MARC
000 -LEADER
fixed length control field 02410 a2200241 4500
001 - CONTROL NUMBER
control field 41877
005 - DATE AND TIME OF LATEST TRANSACTION
control field 20260407155709.0
008 - FIXED-LENGTH DATA ELEMENTS--GENERAL INFORMATION
fixed length control field 260407a1979 arg spa d
003 - CONTROL NUMBER IDENTIFIER
control field AR-UNSa-BCEJYS
040 ## - CATALOGING SOURCE
Original cataloging agency AR-UNSa-BCEJYS
Language of cataloging spa
Transcribing agency AR-UNSa-BCEJYS
080 ## - UNIVERSAL DECIMAL CLASSIFICATION NUMBER
Universal Decimal Classification number 339.9
Common auxiliary subdivision Economía internacional en general. Relaciones económicas internacionales. Economía mundial
020 ## - INTERNATIONAL STANDARD BOOK NUMBER
International Standard Book Number 84-03-18060-8
041 ## - LANGUAGE CODE
Language code of text/sound track or separate title spa
100 1# - MAIN ENTRY--PERSONAL NAME
Personal name Ruiz de Cenzano y Losa, Jesús
245 10 - TITLE STATEMENT
Title Economía Internacional
250 ## - EDITION STATEMENT
Edition statement 7a. ed.
264 #1 - PRODUCTION, PUBLICATION, DISTRIBUTION, MANUFACTURE, AND COPYRIGHT NOTICE
Place of production, publication, distribution, manufacture Madrid :
Name of producer, publisher, distributor, manufacturer Aguilar
Date of production, publication, distribution, manufacture, or copyright notice 1979
300 ## - PHYSICAL DESCRIPTION
Extent xix, 608 p.
Dimensions 24 cm.
505 ## - FORMATTED CONTENTS NOTE
Formatted contents note Introducción: 1. El estudio de la economía internacional - Parte I: La teoría del comercio internacional : 2. Teoría pura del comercio internacional: La oferta - 3. Teoría pura del comercio internacional: La demanda - 4. Estática comparativa del comercio: Variaciones en los gustos, en la dotación de factores y en la tecnología - 5. Comercio y crecimiento en las economías en desarrollo - 6. Los costes de transporte y la teoría de la localización - Parte II: Política Comercial. Tarifas aduanera - 8. Contingentes, control de cambios, comercio de estado, guerra económica y comercio este- oeste - 9. La discriminación de precios y los carteles - 10. Política comercial para los países en desarrollo - 11. Ontegración económica - 12. Defensa del comercio multilateral libre - Parte III: Distribución Internacional de los recursos: Imposición y migración: 13. Imposición internacional - 14. El movimiento internacional del trabajo - Parte IV: El proceso de ajuste: 15. El ajuste a través del mecanismo de los precios - 16. Las variaciones de renta y el comercio internacional - 17. Interacciones de la renta y los precios - 18. El proceso de transferencia - Parte V: Movimiento de capital : 19. Movimientos de capital a corto plazo - 20. Capital mobiliario a largo plazo - 21. La inversión directa - 22. Ayuda económica intergubernamental - Parte VI: Equilibrio de la balanza de pagos y acuerdos monetarios internacionales : 23. El mercado de divisas - 24. La balanza de pagos - 25. Perturbaciones del equilibrio - 26. Medidas nacionales e internacionales para corregir el desequilibrio - 27. Propuestas monetarias internacionales - 28. El sistema económico internacional
590 ## - LOCAL NOTE (RLIN)
Local note niveau_biblio:m niveau_hierar:0
700 1# - ADDED ENTRY--PERSONAL NAME
Personal name Kindleberger, Charles P.
942 ## - ADDED ENTRY ELEMENTS (KOHA)
Koha item type
Existencias
Withdrawn status Lost status Damaged status Not for loan Home library Current library Shelving location Date acquired Total checkouts Full call number Barcode Date last seen Price effective from Koha item type
        Biblioteca Prof. Eusebio Cleto del Rey Biblioteca Prof. Eusebio Cleto del Rey   07/04/2026   339.9 K51 7ed. L53247 07/04/2026 07/04/2026 Libro